000 00281nam a22001337a 4500
003 SGT
082 _a152, F11S
100 _aSNIGH, AK
245 _aFUNDAMENTALS OF NEUROPSYCHOLOGY
260 _aDELHI
_bMOTILAL
_c2011
300 _a415
650 _aPSYCHOLOGY
942 _2ddc
_cBK
999 _c9193
_d9193